00631 2200217 4500245005500000020001800055250001100073100001600084700002100100700001800121700001700139650001700156005001900173260004200192041001400234084001300248300003200261500010000293336000900393338001100402 aPsychic Detective Yakumo Vol. 5cOda, SuzukahText a9786022108863 aCet. 1 aOda, Suzuka aKaminaga, Manabu aAswini Rosita aYoke Yuliana aKomik Jepang a20230130084443 aJakartabGramedia Pustaka Utamac2012 aIndonesia a741.5592 a... jil. :bilus. ;c18 cm. aJudul asli : Psychic Detective Yakumo - The Alternative Story 5Diterjemahkan dari bahasa Jepang atext avolume